RICS Short Form of Consultant’s Appointment for Designated Services (Record no. 121568)
[ view plain ]
| 000 -LEADER | |
|---|---|
| fixed length control field | 01211nam a22002177a 4500 |
| 008 - FIXED-LENGTH DATA ELEMENTS--GENERAL INFORMATION | |
| fixed length control field | 230623s2022 xxk|||||o|||| 00| 0 eng d |
| 041 ## - LANGUAGE CODE | |
| Language code of text/sound track or separate title | eng |
| 110 ## - MAIN ENTRY--CORPORATE NAME | |
| Corporate author | Royal Institution of Chartered Surveyors |
| 245 ## - TITLE STATEMENT | |
| Title | RICS Short Form of Consultant’s Appointment for Designated Services |
| Subtitle | England and Wales |
| Medium | [Electronic resource] |
| 260 ## - PUBLICATION INFORMATION | |
| Place of publication | London, |
| Publisher | Royal Institution of Chartered Surveyors, |
| Date | 2022 |
| 300 ## - PHYSICAL DESCRIPTION | |
| Physical description | 15p. |
| 490 ## - SERIES TITLE | |
| Series statement | RICS Standard Form |
| 520 ## - ABSTRACT | |
| Abstract | RICS Short Form of Consultant’s Appointment for Designated Services is intended to be used for specialist surveying services. |
| 650 ## - KEYWORDS | |
| Keywords | APPOINTMENT |
| 651 ## - SUBJECT ADDED ENTRY--GEOGRAPHIC NAME | |
| Geographic name | England |
| 651 ## - SUBJECT ADDED ENTRY--GEOGRAPHIC NAME | |
| Geographic name | Wales |
| 710 ## - ADDED CORPORATE NAME | |
| Added corporate author | Royal Institution of Chartered Surveyors |
| 856 ## - ONLINE RESOURCE | |
| Uniform Resource Identifier | <a href="https://www.rics.org/content/dam/ricsglobal/documents/standards/building-surveying-standards/standard-forms-of-consultation/rics-short-form-consultants-app-designated-services_ew_may-2022.pdf">https://www.rics.org/content/dam/ricsglobal/documents/standards/building-surveying-standards/standard-forms-of-consultation/rics-short-form-consultants-app-designated-services_ew_may-2022.pdf</a> |
| Public note | Available free on RICS.org |
| 856 ## - ONLINE RESOURCE | |
| Uniform Resource Identifier | <a href="https://www.rics.org/content/dam/ricsglobal/documents/standards/building-surveying-standards/standard-forms-of-consultation/explanatory-notes_designated-services_ew_may-2022.pdf">https://www.rics.org/content/dam/ricsglobal/documents/standards/building-surveying-standards/standard-forms-of-consultation/explanatory-notes_designated-services_ew_may-2022.pdf</a> |
| Public note | Access the explanatory notes for this form |
| 942 ## - ADDED ENTRY ELEMENTS (KOHA) | |
| Suppress in OPAC | Do not suppress in OPAC |
| Lost status | Damaged status | Not for loan | Current library | Shelving location | Date acquired | Total Checkouts | Full call number | Date last seen | Price effective from | Koha item type |
|---|---|---|---|---|---|---|---|---|---|---|
| Virtual | Online | 28/06/2023 | ONLINE PUBLICATION | 28/06/2023 | 28/06/2023 | Online material |